Inšpekcia práce s komentárom

Zákon č. 125/2006 Z.z. o inšpekcii práce a o zmene a doplnení zákona č. 82/2005 Z.z. o nelegálnej práci a nelegálnom zamestnávaní a o zmene a doplnení niektorých zákonov v znení ďalších zákonov ... a zákonov č. 351/2015 Z.z. a č. 440/2015 Z.z.

Saved in:
Bibliographic Details
Main Author: Berková, Andrea
Format: Book Chapter
Language:Slovak
Subjects:
Tags: Add Tag
No Tags, Be the first to tag this record!

MARC

LEADER 00000naa a2200000 4500
001 0223480
005 20240722111939.6
041 0 |a slo 
044 |a SK 
245 1 0 |a Inšpekcia práce s komentárom  |c Andrea Berková 
520 |a Zákon č. 125/2006 Z.z. o inšpekcii práce a o zmene a doplnení zákona č. 82/2005 Z.z. o nelegálnej práci a nelegálnom zamestnávaní a o zmene a doplnení niektorých zákonov v znení ďalších zákonov ... a zákonov č. 351/2015 Z.z. a č. 440/2015 Z.z. 
610 2 0 |a práca 
610 2 0 |a zamestnanci 
610 2 0 |a ochrana pracovníkov 
610 2 0 |a správa štátna 
610 2 0 |a inšpekcia práce 
610 2 0 |a osoby fyzické 
610 2 0 |a osoby právnické 
610 2 0 |a povinnosti pracovníkov 
610 2 0 |a zákony 
610 2 0 |a novelizácia 
610 2 0 |a komentáre 
610 2 0 |a Slovensko 
100 1 |a Berková, Andrea